Advanced calculus : an introduction to analysis
Αποθηκεύτηκε σε:
| Κύριος συγγραφέας: | |
|---|---|
| Μορφή: | Βιβλίο |
| Γλώσσα: | English |
| Δημοσίευση: |
New York ; Chichester : Chichester :
Wiley,
c1978.
|
| Έκδοση: | 3rd ed. |
| Θέματα: | |
| Ετικέτες: |
Προσθήκη ετικέτας
Δεν υπάρχουν, Καταχωρήστε ετικέτα πρώτοι!
|
MARC
| LEADER | 00000cam a2200000 i 4500 | ||
|---|---|---|---|
| 001 | 1/456 | ||
| 008 | 000403s1978 nyu| ||| |||| ||eng|| | ||
| 020 | |a 0471021954 | ||
| 035 | |l 10059665 | ||
| 040 | |a GR-MyUa |b gre |e AACR2 | ||
| 041 | 0 | |a eng | |
| 082 | 7 | |a 515 |2 (22) | |
| 100 | 1 | |a Fulks, Watson. | |
| 245 | 1 | 0 | |a Advanced calculus : |b an introduction to analysis / |c Watson Fulks. |
| 250 | |a 3rd ed. | ||
| 260 | |a New York ; Chichester : |a Chichester : |b Wiley, |c c1978. | ||
| 300 | |a xiv, 731 σ. : |b εικ. ; |c 24 εκ. | ||
| 500 | |a Περιλαμβάνει ευρετήριο. | ||
| 650 | 0 | 0 | |a Calculus. |
| 650 | 0 | 0 | |a Mathematical analysis. |
| 852 | |a INST |b SAMOS |e 20000403 |h 515 FUL |p 005300017753 |q 005300017753 |t BK |y 0 | ||
| 901 | |a BIBL3-2000-2 | ||
| 922 | |a 3ΕΛΗ |b 200003 |c ΚΠΣ |d LEADER | ||
| 950 | |a 116-1999-12-28 | ||
| 970 | |a ΓΕΝΟΥΖΟΥ |b ΧΡΥΣΑΝΘΗ |z 2000/05/08 | ||